[Event "Cto. FACV Ind. Primera Alzira 2014"]
[Site "Alzira ESP"]
[Date "2014.10.04"]
[Round "2.3"]
[White "Costa Grau, Adrian"]
[Black "Domenech Sanz, Vicente"]
[Result "1-0"]
[WhiteElo "1636"]
[BlackElo "1514"]
[PlyCount "53"]
[EventDate "2014.09.27"]
[EventType "swiss"]
[EventRounds "7"]
[EventCountry "ESP"]
[Source "lmi"]
[SourceDate "2014.09.27"]

1. e4 e5 2. Nf3 Nc6 3. Bb5 d6 4. O-O a6 5. Ba4 b5 6. Bb3 Bg4 7. c3 Qf6 8. d3
Bxf3 9. Qxf3 Qxf3 10. gxf3 Nge7 11. a3 g5 12. Kh1 h6 13. Bd2 Na5 14. Ba2 Nb7
15. Be3 Ng6 16. Bd5 O-O-O 17. Bxf7 Nh4 18. Nd2 Rh7 19. Bd5 Re8 20. a4 Nd8 21.
axb5 axb5 22. Ra8+ Kd7 23. Rfa1 Ke7 24. R1a7 Kf6 25. Rc8 Ng6 26. Raa8 Ke7 27.
Rxc7+ 1-0

[Event "Cto. FACV Ind. Primera Alzira 2014"]
[Site "Alzira ESP"]
[Date "2014.10.04"]
[Round "2.4"]
[White "Albuixec Sanz, Jorge"]
[Black "Domenech Briz, Vicente"]
[Result "1-0"]
[WhiteElo "1858"]
[BlackElo "1432"]
[PlyCount "31"]
[EventDate "2014.09.27"]
[EventType "swiss"]
[EventRounds "7"]
[EventCountry "ESP"]
[Source "lmi"]
[SourceDate "2014.09.27"]

1. e4 e5 2. Nf3 Nc6 3. Bc4 Bc5 4. b4 Bd6 5. Bb2 a6 6. c3 b5 7. Bb3 Bb7 8. O-O
h6 9. d4 Nf6 10. dxe5 Nxe5 11. Nxe5 Bxe5 12. f4 Nxe4 13. fxe5 Qg5 14. Bc1 Nd2
15. Qxd2 Qxd2 16. Bxf7+ 1-0

[Event "Cto. FACV Ind. Primera Alzira 2014"]
[Site "Alzira ESP"]
[Date "2014.10.04"]
[Round "2.5"]
[White "Garcia Guerola, Vicent"]
[Black "Castillo Torrent, David"]
[Result "0-1"]
[WhiteElo "1671"]
[BlackElo "1692"]
[PlyCount "60"]
[EventDate "2014.09.27"]
[EventType "swiss"]
[EventRounds "7"]
[EventCountry "ESP"]
[Source "lmi"]
[SourceDate "2014.09.27"]

1. c4 Nf6 2. d4 c5 3. Nf3 cxd4 4. Nxd4 b6 5. Nc3 Bb7 6. Bg5 e6 7. Ndb5 d6 8.
Bxf6 gxf6 9. e4 a6 10. Nd4 Nc6 11. Nxc6 Bxc6 12. Qh5 Qc7 13. Qh4 Be7 14. Qg3
O-O-O 15. O-O-O Rhg8 16. Qe3 d5 17. cxd5 exd5 18. Bxa6+ Kb8 19. Kb1 Bc5 20. Qf3
dxe4 21. Rxd8+ Rxd8 22. Qxf6 Bd4 23. Qh4 Bxc3 24. bxc3 Rd2 25. Qg3 Qxg3 26.
hxg3 Rxf2 27. Rxh7 e3 28. Rh1 b5 29. c4 e2 30. Re1 Rf1 0-1

[Event "Cto. FACV Ind. Primera Alzira 2014"]
[Site "Alzira ESP"]
[Date "2014.10.18"]
[Round "3.1"]
[White "Llorens Ferrer, Francisco"]
[Black "Costa Grau, Adrian"]
[Result "0-1"]
[WhiteElo "1954"]
[BlackElo "1636"]
[PlyCount "126"]
[EventDate "2014.09.27"]
[EventType "swiss"]
[EventRounds "7"]
[EventCountry "ESP"]
[Source "lmi"]
[SourceDate "2014.09.27"]

1. e4 c5 2. Nf3 Nc6 3. d4 cxd4 4. Nxd4 Nf6 5. Nc3 d6 6. g3 e5 7. Nde2 Be7 8.
Bg2 h6 9. O-O O-O 10. h3 Be6 11. g4 h5 12. g5 Ne8 13. h4 Qd7 14. Be3 f5 15.
exf5 Bxf5 16. Ng3 Bg4 17. f3 Bh3 18. Nxh5 Rd8 19. Nd5 g6 20. Ng3 Ng7 21. Ne4
Nh5 22. c3 Rf7 23. Qd2 Rh7 24. Rad1 Kf7 25. f4 Kg7 26. Nxe7 Nxe7 27. fxe5 Bxg2
28. Qxg2 Nf5 29. Bd4 Qe6 30. exd6+ Kg8 31. Bf6 Nxh4 32. Qe2 Re8 33. Be7 Rhxe7
34. dxe7 Rxe7 35. Rd8+ Kg7 36. Nf6 Qb6+ 37. Qf2 Qxd8 38. Qxh4 Qb6+ 39. Qf2 Qe3
40. Ng4 Qxf2+ 41. Rxf2 Re4 42. Nf6 Nxf6 43. gxf6+ Kf7 44. Kg2 Re6 45. Kg3 Rxf6
46. Rxf6+ Kxf6 47. a4 a5 48. Kf4 Ke6 49. b3 Kd5 50. Kg5 Ke4 51. Kxg6 Kd3 52. b4
axb4 53. cxb4 Kc4 54. b5 Kb4 55. Kf5 Kxa4 56. b6 Kb5 57. Ke4 Kxb6 58. Kd4 Kb5
59. Kc3 Ka4 60. Kb2 Kb4 61. Kb1 Kb3 62. Ka1 b5 63. Kb1 b4 0-1

[Event "Cto. FACV Ind. Primera Alzira 2014"]
[Site "Alzira ESP"]
[Date "2014.10.18"]
[Round "3.2"]
[White "Perez Mas, Jose Manuel"]
[Black "Albuixec Sanz, Jorge"]
[Result "0-1"]
[WhiteElo "1825"]
[BlackElo "1858"]
[PlyCount "96"]
[EventDate "2014.09.27"]
[EventType "swiss"]
[EventRounds "7"]
[EventCountry "ESP"]
[Source "lmi"]
[SourceDate "2014.09.27"]

1. e4 e5 2. Nf3 Nc6 3. Bb5 a6 4. Ba4 Nf6 5. O-O b5 6. Bb3 Be7 7. Re1 O-O 8. d4
d6 9. c3 Bg4 10. d5 Nb8 11. Nbd2 Nbd7 12. h3 Bh5 13. Nf1 h6 14. g4 Bg6 15. Ng3
Nh7 16. Kh2 Ng5 17. Bc2 Nxf3+ 18. Qxf3 Bg5 19. Rg1 Bxc1 20. Raxc1 Nf6 21. Nf5
Nh7 22. Qg3 Bxf5 23. exf5 f6 24. h4 Qe7 25. Rce1 Qf7 26. Re4 a5 27. f4 Kh8 28.
Qd3 Qd7 29. a4 Rab8 30. b3 Rg8 31. c4 bxa4 32. bxa4 Rb2 33. c5 Rgb8 34. c6 Qc8
35. Rg2 R8b4 36. Rxb4 Rxb4 37. fxe5 dxe5 38. d6 cxd6 39. Qxd6 Rd4 40. Qc5 Qc7
41. Kh3 Rf4 42. Qd5 Rd4 43. Qe6 Nf8 44. Qb3 Qxc6 45. Re2 Qh1+ 46. Rh2 Qf1+ 47.
Kg3 Qf4+ 48. Kg2 Rd2+ 0-1

[Event "Cto. FACV Ind. Primera Alzira 2014"]
[Site "Alzira ESP"]
[Date "2014.10.18"]
[Round "3.3"]
[White "Rubio Tent, Pedro"]
[Black "Lluch Ventura, Enrique"]
[Result "1-0"]
[WhiteElo "1575"]
[BlackElo "1446"]
[PlyCount "119"]
[EventDate "2014.09.27"]
[EventType "swiss"]
[EventRounds "7"]
[EventCountry "ESP"]
[Source "lmi"]
[SourceDate "2014.09.27"]

1. e4 e5 2. Nf3 Nc6 3. d4 exd4 4. Nxd4 Nxd4 5. Qxd4 d6 6. Nc3 Nf6 7. Bg5 Be7 8.
O-O-O O-O 9. Bb5 Nd7 10. Bxe7 Qxe7 11. f4 Nc5 12. Kb1 Ne6 13. Qd2 Bd7 14. Bxd7
Qxd7 15. e5 Rad8 16. Ne4 Qa4 17. Qe3 dxe5 18. fxe5 b6 19. Rhf1 Qb5 20. Nc3 Qc6
21. Rd2 Rxd2 22. Qxd2 Rd8 23. Qf2 Rd7 24. Qe2 Nd4 25. Qa6 Rd8 26. Rf2 Qe6 27.
Qxa7 Qxe5 28. Rd2 Nc6 29. Rxd8+ Nxd8 30. a3 Ne6 31. Qa8+ Nf8 32. h3 g6 33. Qc6
Qe1+ 34. Ka2 Qe6+ 35. Qd5 c6 36. Qxe6 fxe6 37. Kb3 Kf7 38. Kb4 e5 39. Ne4 Ke6
40. Kc4 Kf5 41. Kd3 Ne6 42. Ke3 Nf4 43. g4+ Ke6 44. Ng5+ Kd5 45. Nxh7 Nxh3 46.
Nf6+ Ke6 47. Ne4 Nf4 48. c4 Ng2+ 49. Kd2 Nf4 50. b4 b5 51. cxb5 cxb5 52. Nc3
Nd5 53. Nxb5 e4 54. Nc3 Nf6 55. g5 Nh7 56. Nxe4 Ke5 57. Ke3 Nf8 58. b5 Nd7 59.
a4 Kd5 60. Nf6+ 1-0

[Event "Cto. FACV Ind. Primera Alzira 2014"]
[Site "Alzira ESP"]
[Date "2014.10.25"]
[Round "4.1"]
[White "Costa Grau, Adrian"]
[Black "Albuixec Sanz, Jorge"]
[Result "1/2-1/2"]
[WhiteElo "1636"]
[BlackElo "1858"]
[PlyCount "76"]
[EventDate "2014.09.27"]
[EventType "swiss"]
[EventRounds "7"]
[EventCountry "ESP"]
[Source "lmi"]
[SourceDate "2014.09.27"]

1. e4 e5 2. Nf3 Nc6 3. Bb5 a6 4. Ba4 Nf6 5. O-O b5 6. Bb3 Be7 7. Re1 O-O 8. h3
d6 9. c3 Na5 10. Bc2 c5 11. d4 Qc7 12. d5 Nc4 13. Nbd2 Nxd2 14. Bxd2 h6 15. a4
Bd7 16. Ra2 Rfc8 17. Bd3 Nh7 18. Qe2 c4 19. Bc2 Qd8 20. Rea1 Ng5 21. Be3 Nxf3+
22. Qxf3 Bg5 23. axb5 axb5 24. Ra7 Rxa7 25. Rxa7 Ra8 26. Bxg5 hxg5 27. Qe3 f6
28. Kh2 g4 29. h4 f5 30. Qg5 f4 31. Rxa8 Qxa8 32. Qe7 Qa7 33. Qxd6 g3+ 34. fxg3
fxg3+ 35. Kxg3 Qe3+ 36. Kh2 Qf4+ 37. Kg1 Qc1+ 38. Kh2 Qf4+ 1/2-1/2

[Event "Cto. FACV Ind. Primera Alzira 2014"]
[Site "Alzira ESP"]
[Date "2014.10.25"]
[Round "4.3"]
[White "Pascual I Rubio, Josep"]
[Black "Perez Mas, Jose Manuel"]
[Result "0-1"]
[WhiteElo "1410"]
[BlackElo "1825"]
[PlyCount "92"]
[EventDate "2014.09.27"]
[EventType "swiss"]
[EventRounds "7"]
[EventCountry "ESP"]
[Source "lmi"]
[SourceDate "2014.09.27"]

1. Nf3 c5 2. g3 Nc6 3. Bg2 g6 4. O-O Bg7 5. d3 Nf6 6. c4 O-O 7. Nc3 d6 8. Bd2
Rb8 9. Qc1 a6 10. a4 Bg4 11. Qd1 d5 12. cxd5 Nxd5 13. Rb1 Nf6 14. Bf4 Rc8 15.
h3 Bd7 16. Ne5 Be8 17. Nxc6 Bxc6 18. Bxc6 Rxc6 19. Qd2 Qd7 20. Kh2 Re8 21. Bh6
e5 22. Bxg7 Kxg7 23. Qc2 c4 24. dxc4 Rxc4 25. Rbd1 Qc6 26. Qb3 Ne4 27. Nxe4
Qxe4 28. Rd7 Rf8 29. e3 Rb4 30. Qc3 Rxa4 31. f4 Rc4 32. Qxe5+ Qxe5 33. fxe5 Re4
34. Rf3 Rxe5 35. Rxb7 Rb5 36. Rxb5 axb5 37. e4 Rc8 38. Rc3 Rc4 39. Rxc4 bxc4
40. Kg2 Kf6 41. Kf3 Ke5 42. Ke3 h5 43. g4 hxg4 44. hxg4 f6 45. Kd2 Kxe4 46. Kc3
Kd5 0-1

[Event "Cto. FACV Ind. Primera Alzira 2014"]
[Site "Alzira ESP"]
[Date "2014.10.25"]
[Round "4.4"]
[White "Castillo Torrent, David"]
[Black "Rubio Tent, Pedro"]
[Result "1-0"]
[WhiteElo "1692"]
[BlackElo "1575"]
[PlyCount "53"]
[EventDate "2014.09.27"]
[EventType "swiss"]
[EventRounds "7"]
[EventCountry "ESP"]
[Source "lmi"]
[SourceDate "2014.09.27"]

1. d4 f5 2. e4 fxe4 3. Nc3 Nf6 4. Bg5 d5 5. Bxf6 exf6 6. Qh5+ g6 7. Qxd5 Be7 8.
Qxd8+ Kxd8 9. Nxe4 Re8 10. O-O-O f5 11. Nd2 Bg5 12. Ngf3 Bh6 13. Bc4 Bd7 14.
Ne5 Nc6 15. Nf7+ Kc8 16. Nxh6 Nxd4 17. Rhe1 Rf8 18. c3 Nc6 19. Be6 Bxe6 20.
Rxe6 a5 21. Nf3 a4 22. a3 Na5 23. Re7 Nb3+ 24. Kc2 Ra6 25. Nf7 Rc6 26. N3e5 Rc5
27. Nd7 1-0

[Event "Cto. FACV Ind. Primera Alzira 2014"]
[Site "Alzira ESP"]
[Date "2014.10.25"]
[Round "4.5"]
[White "Ull Molina, Daniel"]
[Black "Diaz Tormo, Josep"]
[Result "1/2-1/2"]
[WhiteElo "1625"]
[BlackElo "1590"]
[PlyCount "175"]
[EventDate "2014.09.27"]
[EventType "swiss"]
[EventRounds "7"]
[EventCountry "ESP"]
[Source "lmi"]
[SourceDate "2014.09.27"]

1. e4 e5 2. Nf3 d6 3. Bc4 h6 4. c3 Bg4 5. h3 Bh5 6. O-O Nd7 7. d4 Ngf6 8. Nbd2
Be7 9. Qb3 Qc8 10. Re1 O-O 11. Nh4 Nb6 12. Nf5 Qd8 13. Bd3 Bg6 14. Nh4 Bh7 15.
Nhf3 Nfd7 16. Nf1 Bf6 17. Be3 c5 18. d5 Qc7 19. c4 Nc8 20. Ng3 b6 21. Nh2 g5
22. Nh5 Bg7 23. g4 Bg6 24. Ng3 Ne7 25. Bd2 Bh7 26. Nf5 Ng6 27. Re2 Nf4 28. Bxf4
exf4 29. Rae1 Ne5 30. Bc2 Bxf5 31. exf5 f6 32. Nf3 Rae8 33. Nxe5 Rxe5 34. Qd3
Rfe8 35. Ba4 R8e7 36. Kf1 Qd8 37. Re4 Qf8 38. Rxe5 fxe5 39. f3 Qf7 40. Qb3 h5
41. Qb5 hxg4 42. hxg4 Qf6 43. Kg2 e4 44. fxe4 Qd4 45. Qb3 Qd2+ 46. Kf1 Qh2 47.
Qf3 Bd4 48. Qg2 Qh4 49. Bd1 a5 50. b3 Rh7 51. Bf3 Qh6 52. Ke2 Qf6 53. Rd1 Be3
54. Kf1 Rh4 55. Re1 Qh6 56. Re2 Rh3 57. Re1 Rg3 58. Qxg3 fxg3 59. Rxe3 Qh2 60.
Re2 g2+ 61. Rxg2 Qh1+ 62. Kf2 Qc1 63. Kg3 Qf4+ 64. Kf2 Kf7 65. Ke2 Kf6 66. Rg1
Ke5 67. Kf2 Kd4 68. Re1 Qh2+ 69. Bg2 Ke5 70. Rh1 Qf4+ 71. Bf3 Qd2+ 72. Kg3 Qe3
73. Rh2 Qc1 74. Re2 Qf4+ 75. Kg2 Qc1 76. Kf2 Kf4 77. Re1 Qc3 78. Bd1 Qg3+ 79.
Kf1 Qh2 80. f6 Qh3+ 81. Kg1 Qg3+ 82. Kf1 Qd3+ 83. Kf2 Qd4+ 84. Kg2 Qd3 85. f7
Qg3+ 86. Kf1 Qh3+ 87. Kg1 Qg3+ 88. Kf1 1/2-1/2

[Event "Cto. FACV Ind. Primera Alzira 2014"]
[Site "Alzira ESP"]
[Date "2014.11.08"]
[Round "5.1"]
[White "Perez Mas, Jose Manuel"]
[Black "Costa Grau, Adrian"]
[Result "1-0"]
[WhiteElo "1825"]
[BlackElo "1636"]
[PlyCount "79"]
[EventDate "2014.09.27"]
[EventType "swiss"]
[EventRounds "7"]
[EventCountry "ESP"]
[Source "lmi"]
[SourceDate "2014.09.27"]

1. d4 Nf6 2. c4 g6 3. Nc3 Bg7 4. e4 d6 5. f3 O-O 6. Nge2 Nbd7 7. Bg5 h6 8. Be3
c5 9. d5 Ne5 10. Ng3 a6 11. f4 Neg4 12. Bd2 h5 13. Bd3 e6 14. h3 Nh6 15. O-O
exd5 16. exd5 h4 17. Nge2 Bf5 18. Qc2 Bxd3 19. Qxd3 Nf5 20. g4 hxg3 21. Nxg3
Nxg3 22. Qxg3 Nh5 23. Qg4 Nf6 24. Qg2 Nh5 25. f5 Qf6 26. Bg5 Qd4+ 27. Kh1 f6
28. Rad1 Qxc4 29. Bc1 g5 30. Qf3 Nf4 31. Bxf4 gxf4 32. Qxf4 Qxf4 33. Rxf4 Kf7
34. Re1 Bh6 35. Rfe4 Rae8 36. Re6 Bd2 37. Ne4 Bxe1 38. Nxd6+ Kg7 39. Nxe8+ Kf7
40. Nd6+ 1-0

[Event "Cto. FACV Ind. Primera Alzira 2014"]
[Site "Alzira ESP"]
[Date "2014.11.08"]
[Round "5.2"]
[White "Albuixec Sanz, Jorge"]
[Black "Llorens Ferrer, Francisco"]
[Result "0-1"]
[WhiteElo "1858"]
[BlackElo "1954"]
[PlyCount "46"]
[EventDate "2014.09.27"]
[EventType "swiss"]
[EventRounds "7"]
[EventCountry "ESP"]
[Source "lmi"]
[SourceDate "2014.09.27"]

1. Nf3 c5 2. g3 Nc6 3. c4 Nf6 4. Nc3 g6 5. Bg2 Bg7 6. O-O O-O 7. d4 cxd4 8.
Nxd4 a6 9. Nxc6 dxc6 10. Qc2 Qc7 11. b3 Bf5 12. Qb2 Ne4 13. Bxe4 Bxe4 14. Bf4
e5 15. Bd2 Bf5 16. Rad1 Bh3 17. Rfe1 h6 18. Qc1 Kh7 19. c5 f5 20. f4 Qe7 21. e4
exf4 22. exf5 Qxc5+ 23. Kh1 Qf2 0-1

[Event "Cto. FACV Ind. Primera Alzira 2014"]
[Site "Alzira ESP"]
[Date "2014.11.08"]
[Round "5.4"]
[White "Rubio Tent, Pedro"]
[Black "Ull Molina, Daniel"]
[Result "1/2-1/2"]
[WhiteElo "1575"]
[BlackElo "1625"]
[PlyCount "108"]
[EventDate "2014.09.27"]
[EventType "swiss"]
[EventRounds "7"]
[EventCountry "ESP"]
[Source "lmi"]
[SourceDate "2014.09.27"]

1. e4 c5 2. Nf3 Nf6 3. e5 Nd5 4. d4 e6 5. c4 Nb6 6. d5 d6 7. Bg5 Qc7 8. Bf4
dxe5 9. Bxe5 Qd8 10. Nc3 N8d7 11. dxe6 fxe6 12. Nb5 Nxe5 13. Qxd8+ Kxd8 14.
Nxe5 Ke7 15. O-O-O g6 16. Nd6 Bg7 17. Ndf7 Rf8 18. f3 Nd7 19. Nxd7 Bxd7 20. Nd6
Bc6 21. Ne4 Bd4 22. Bd3 a6 23. Rhe1 h6 24. Re2 Bd7 25. Ng3 Rg8 26. Be4 Rab8 27.
Rde1 b5 28. Bd5 Rb6 29. cxb5 axb5 30. f4 Rd6 31. Be4 Kf7 32. h4 Ra6 33. Bb1 h5
34. f5 gxf5 35. Nxh5 Rh8 36. Nf4 Rxh4 37. g3 Rh7 38. a3 Rb6 39. Bxf5 exf5 40.
Re7+ Kg8 41. Rxh7 Kxh7 42. Re7+ Kh6 43. Rxd7 Kg5 44. Ne2 Bf6 45. Rd3 c4 46. Rd5
Kg4 47. Kc2 b4 48. Rc5 bxa3 49. bxa3 Rb2+ 50. Kd1 c3 51. Nxc3 Kxg3 52. Nd5 Bd4
53. Rc4 Bf2 54. Rf4 Ra2 1/2-1/2

[Event "Cto. FACV Ind. Primera Alzira 2014"]
[Site "Alzira ESP"]
[Date "2014.11.08"]
[Round "5.5"]
[White "Diaz Tormo, Josep"]
[Black "Pascual I Rubio, Josep"]
[Result "1/2-1/2"]
[WhiteElo "1590"]
[BlackElo "1410"]
[PlyCount "138"]
[EventDate "2014.09.27"]
[EventType "swiss"]
[EventRounds "7"]
[EventCountry "ESP"]
[Source "lmi"]
[SourceDate "2014.09.27"]

1. e4 e6 2. d4 d5 3. e5 c5 4. c3 Nc6 5. Bb5 Bd7 6. Nf3 cxd4 7. Bxc6 bxc6 8.
cxd4 Qb6 9. O-O c5 10. Nc3 cxd4 11. Qxd4 Qxd4 12. Nxd4 a6 13. a3 Bc5 14. Be3
Ba7 15. b4 Ne7 16. b5 Bxd4 17. Bxd4 axb5 18. Rfb1 O-O 19. Bc5 Rfe8 20. Nxb5
Bxb5 21. Rxb5 Ng6 22. Bd6 Rec8 23. g3 f6 24. f4 Rc2 25. Rab1 h5 26. Rb7 Rac8
27. Rb8 Rxb8 28. Rxb8+ Kh7 29. Rb7 fxe5 30. fxe5 Re2 31. a4 Nxe5 32. Bf8 Nf3+
33. Kf1 Rxh2 34. Bxg7 Kg6 35. Bh8 Ra2 36. Bc3 d4 37. Bb4 Rxa4 38. Kg2 Ng5 39.
Rb6 Kf5 40. Bd6 Ra2+ 41. Kf1 Ne4 42. Rb5+ Kg4 43. Be5 Nxg3+ 44. Bxg3 Kxg3 45.
Rxh5 d3 46. Ke1 Kf4 47. Rh4+ Kg5 48. Rd4 Re2+ 49. Kd1 Re3 50. Kd2 Rh3 51. Re4
Kf5 52. Re1 e5 53. Rf1+ Kg4 54. Rg1+ Kf4 55. Rf1+ Rf3 56. Re1 e4 57. Kc3 Rf2
58. Kd4 Re2 59. Rd1 d2 60. Rf1+ Kg3 61. Rd1 Kf2 62. Kc3 e3 63. Kd3 Re1 64.
Rxd2+ Kf1 65. Rh2 Rd1+ 66. Kxe3 Kg1 67. Ra2 Re1+ 68. Kf3 Rf1+ 69. Kg3 Rb1
1/2-1/2

[Event "Cto. FACV Ind. Primera Alzira 2014"]
[Site "Alzira ESP"]
[Date "2014.11.15"]
[Round "6.1"]
[White "Llorens Ferrer, Francisco"]
[Black "Perez Mas, Jose Manuel"]
[Result "1-0"]
[WhiteElo "1954"]
[BlackElo "1825"]
[PlyCount "71"]
[EventDate "2014.09.27"]
[EventType "swiss"]
[EventRounds "7"]
[EventCountry "ESP"]

1. e4 c5 2. Nf3 d6 3. d4 cxd4 4. Nxd4 Nf6 5. Nc3 a6 6. Bg5 e6 7. f4 Be7 8. Qf3
Qc7 9. O-O-O Bd7 10. f5 e5 11. Bxf6 Bxf6 12. Nd5 Bg5+ 13. Kb1 Qd8 14. Nb3 Bc6
15. h4 Bxh4 16. Rxh4 Bxd5 17. Rg4 Bxb3 18. Qxb3 Qe7 19. Rxg7 Kf8 20. Rg3 Nc6
21. Qd5 Rc8 22. c3 b5 23. a4 Qc7 24. axb5 axb5 25. Bxb5 Nd4 26. Ba4 Ne2 27.
Rgd3 Rd8 28. g3 Rg8 29. R1d2 Nxg3 30. f6 Rg5 31. Rg2 Qa7 32. Bb3 Nxe4 33. Qxe4
Rg6 34. Rdg3 Ra8 35. Qd5 Rxf6 36. Rg8+ 1-0

[Event "Cto. FACV Ind. Primera Alzira 2014"]
[Site "Alzira ESP"]
[Date "2014.11.15"]
[Round "6.2"]
[White "Costa Grau, Adrian"]
[Black "Castillo Torrent, David"]
[Result "0-1"]
[WhiteElo "1636"]
[BlackElo "1692"]
[PlyCount "90"]
[EventDate "2014.09.27"]
[EventType "swiss"]
[EventRounds "7"]
[EventCountry "ESP"]

1. e4 e6 2. d4 d5 3. Nc3 Nf6 4. Bg5 Be7 5. e5 Nfd7 6. Bxe7 Qxe7 7. f4 a6 8. Nf3
c5 9. Ne2 cxd4 10. a3 Nc6 11. Nexd4 O-O 12. Bd3 f6 13. O-O Nxd4 14. Nxd4 fxe5
15. fxe5 Rxf1+ 16. Kxf1 Nxe5 17. Bxh7+ Kxh7 18. Qh5+ Kg8 19. Qxe5 Qf6+ 20. Nf3
Bd7 21. Kg1 Rc8 22. c3 Rc4 23. Qg3 Qf4 24. Qxf4 Rxf4 25. Re1 Kf7 26. Ne5+ Ke8
27. Nd3 Rc4 28. g3 Rc7 29. Nf4 Kf7 30. Rf1 Ke7 31. Ng6+ Kd6 32. Rf2 Bb5 33. Nf4
e5 34. Ng2 Rd7 35. Ne3 d4 36. cxd4 exd4 37. Rd2 Ke5 38. Nd1 Ke4 39. Nf2+ Ke3
40. Rd1 Ke2 41. b3 d3 42. a4 Bc6 43. Rb1 d2 44. Nd1 Re7 45. Nc3+ Kd3 0-1

[Event "Cto. FACV Ind. Primera Alzira 2014"]
[Site "Alzira ESP"]
[Date "2014.11.15"]
[Round "6.4"]
[White "Ull Molina, Daniel"]
[Black "Lluch Ventura, Enrique"]
[Result "1-0"]
[WhiteElo "1625"]
[BlackElo "1446"]
[PlyCount "49"]
[EventDate "2014.09.27"]
[EventType "swiss"]
[EventRounds "7"]
[EventCountry "ESP"]

1. e4 e5 2. Nf3 Nc6 3. Bb5 d6 4. c3 a6 5. Ba4 b5 6. Bc2 Nf6 7. d4 Be7 8. O-O
O-O 9. h3 Bb7 10. Re1 Re8 11. Nbd2 h6 12. Nf1 Nh7 13. Ng3 Bg5 14. Nxg5 Nxg5 15.
d5 Nb8 16. Qg4 Bc8 17. Qh5 Rf8 18. f4 exf4 19. Bxf4 f6 20. Bxg5 hxg5 21. e5 f5
22. e6 Qe8 23. Qxg5 Bb7 24. Nxf5 g6 25. Ne7+ 1-0

[Event "Cto. FACV Ind. Primera Alzira 2014"]
[Site "Alzira ESP"]
[Date "2014.11.15"]
[Round "6.5"]
[White "Pascual I Rubio, Josep"]
[Black "Rubio Tent, Pedro"]
[Result "0-1"]
[WhiteElo "1410"]
[BlackElo "1575"]
[PlyCount "120"]
[EventDate "2014.09.27"]
[EventType "swiss"]
[EventRounds "7"]
[EventCountry "ESP"]

1. Nf3 f5 2. g3 Nf6 3. Bg2 g6 4. O-O Bg7 5. c4 d6 6. d4 c6 7. Nc3 O-O 8. Qb3
Qe8 9. h3 e5 10. dxe5 dxe5 11. c5+ Kh8 12. Be3 Na6 13. Nd2 Nd7 14. Nc4 Ndxc5
15. Qa3 Ne6 16. Nd6 Qd7 17. Rad1 Qc7 18. Nxc8 Qxc8 19. Qe7 Bf6 20. Qd7 Qxd7 21.
Rxd7 Nac5 22. Bxc5 Nxc5 23. Rd2 Rad8 24. Rfd1 Rxd2 25. Rxd2 Rd8 26. Rxd8+ Bxd8
27. b4 Ne6 28. e3 e4 29. Ne2 Be7 30. b5 cxb5 31. Nc3 b4 32. Nd5 Bd6 33. Bf1 a5
34. Bc4 Nc5 35. Nf6 Be5 36. Nd5 Nd3 37. Nb6 Nb2 38. Bd5 Bc7 39. Nc4 Nxc4 40.
Bxc4 a4 41. Kf1 Be5 42. Ke2 b5 43. Bd5 Bc3 44. Be6 Kg7 45. Bd5 Kf6 46. Bg8 h6
47. Bd5 Ke5 48. Bf7 g5 49. f4+ exf3+ 50. Kxf3 Kf6 51. Bg8 h5 52. g4 fxg4+ 53.
hxg4 h4 54. e4 b3 55. axb3 a3 56. b4 Bxb4 57. Bd5 Bd6 58. Bg8 Ke5 59. Bd5 Kd4
60. Bg8 Kc3 0-1

[Event "Cto. FACV Ind. Primera Alzira 2014"]
[Site "Alzira ESP"]
[Date "2014.11.22"]
[Round "7.1"]
[White "Castillo Torrent, David"]
[Black "Llorens Ferrer, Francisco"]
[Result "0-1"]
[WhiteElo "1692"]
[BlackElo "1954"]
[PlyCount "58"]
[EventDate "2014.09.27"]
[EventType "swiss"]
[EventRounds "7"]
[EventCountry "ESP"]

1. d4 Nf6 2. c4 e6 3. g3 d5 4. Nf3 c6 5. Bg2 Nbd7 6. b3 Bb4+ 7. Bd2 Bd6 8. Nc3
O-O 9. O-O Re8 10. Qc2 e5 11. cxd5 cxd5 12. Nxe5 Nxe5 13. dxe5 Bxe5 14. e3 Bg4
15. h3 Be6 16. Rac1 Rc8 17. Qd1 Qd7 18. Kh2 Red8 19. Qe2 Ne4 20. Nxe4 dxe4 21.
Rxc8 Rxc8 22. Rc1 Rxc1 23. Bxc1 f5 24. Bb2 Bc7 25. Bd4 b6 26. Qh5 Qf7 27. Qg5
h6 28. Qh4 Kh7 29. Bxe4 g5 0-1

[Event "Cto. FACV Ind. Primera Alzira 2014"]
[Site "Alzira ESP"]
[Date "2014.11.22"]
[Round "7.2"]
[White "Rubio Tent, Pedro"]
[Black "Albuixec Sanz, Jorge"]
[Result "0-1"]
[WhiteElo "1575"]
[BlackElo "1858"]
[PlyCount "68"]
[EventDate "2014.09.27"]
[EventType "swiss"]
[EventRounds "7"]
[EventCountry "ESP"]

1. e4 e5 2. Nf3 Nc6 3. Bb5 a6 4. Ba4 Nf6 5. d3 d6 6. c3 Be7 7. O-O O-O 8. Re1
Bg4 9. h3 Bh5 10. Nbd2 h6 11. Nf1 Nh7 12. Ng3 Bg6 13. d4 exd4 14. cxd4 Ng5 15.
Bxg5 hxg5 16. Rc1 Rb8 17. Bxc6 bxc6 18. Rxc6 Rxb2 19. Rxa6 Qc8 20. Qc1 Rxf2 21.
Ra7 Rxf3 22. Rxc7 Qe6 23. Rxe7 Qxe7 24. gxf3 Qe6 25. a3 Qxh3 26. Qxg5 Rc8 27.
Re2 Rb8 28. a4 Rb1+ 29. Kf2 Rb3 30. Qf4 Qh2+ 31. Kf1 Rb1+ 32. Re1 Rb2 33. Ne2
Rxe2 34. Rxe2 Qxf4 0-1

[Event "Cto. FACV Ind. Primera Alzira 2014"]
[Site "Alzira ESP"]
[Date "2014.11.22"]
[Round "7.3"]
[White "Perez Mas, Jose Manuel"]
[Black "Ull Molina, Daniel"]
[Result "1-0"]
[WhiteElo "1825"]
[BlackElo "1625"]
[PlyCount "65"]
[EventDate "2014.09.27"]
[EventType "swiss"]
[EventRounds "7"]
[EventCountry "ESP"]

1. d4 Nf6 2. c4 d6 3. Nc3 g6 4. e4 Bg7 5. f3 O-O 6. Nge2 e5 7. Bg5 h6 8. Be3
Nc6 9. d5 Ne7 10. Qd2 Kh7 11. g4 Nd7 12. Ng3 Nb6 13. h4 Bd7 14. Bd3 Na4 15.
O-O-O Nxc3 16. Qxc3 c5 17. Qd2 b5 18. cxb5 Rb8 19. Rdg1 Bxb5 20. Bb1 Nc8 21.
Bxh6 Rh8 22. Be3 f6 23. g5 Nb6 24. h5 Nc4 25. hxg6+ Kxg6 26. Qf2 Kf7 27. g6+
Kf8 28. Rxh8+ Bxh8 29. Bh6+ Bg7 30. Bxg7+ Kxg7 31. Nf5+ Kg8 32. Qh4 Rb7 33. Rh1
1-0

[Event "Cto. FACV Ind. Primera Alzira 2014"]
[Site "Alzira ESP"]
[Date "2014.11.22"]
[Round "7.5"]
[White "Fernandez Sanchez, Vicente"]
[Black "Diaz Tormo, Josep"]
[Result "0-1"]
[WhiteElo "1815"]
[BlackElo "1590"]
[PlyCount "96"]
[EventDate "2014.09.27"]
[EventType "swiss"]
[EventRounds "7"]
[EventCountry "ESP"]

1. d3 d5 2. c4 e5 3. Qb3 d4 4. g3 Nf6 5. Bg2 c6 6. Bg5 Be7 7. Nf3 Nbd7 8. Nbd2
O-O 9. O-O h6 10. Bxf6 Bxf6 11. Ne4 Be7 12. Rfc1 f5 13. c5+ Kh8 14. Nd6 Bxd6
15. cxd6 Qf6 16. Qa3 e4 17. Nd2 e3 18. fxe3 dxe3 19. Nc4 Re8 20. Qc3 Qe6 21.
Rf1 b5 22. Bxc6 Rb8 23. Na5 Rf8 24. Bg2 Qxd6 25. Rac1 Ne5 26. Nc6 Nxc6 27. Qxc6
Qe5 28. Qc7 Qxb2 29. Qxb8 Kh7 30. Rce1 Qb4 31. Rb1 Qe7 32. Rf3 Bb7 33. Qxa7 Ra8
34. Rxe3 Qd8 35. Qc5 Bxg2 36. Qxf5+ Kh8 37. Qg6 Qd4 38. Kxg2 Qxe3 39. Rb2 Rf8
40. Rc2 Qe5 41. e3 Qxe3 42. Rc7 Qf3+ 43. Kh3 Qf1+ 44. Kg4 Qe2+ 45. Kh4 Qxh2+
46. Kg4 Qe2+ 47. Kh3 Qf1+ 48. Kh2 Rf2# 0-1

[Event "Cto. FACV Ind. Primera Valencia 2014"]
[Site "Valencia ESP"]
[Date "2014.09.27"]
[Round "1.1"]
[White "Gonzalvez Tamarit, Ivan"]
[Black "Vigliaroli, Matteo Luigi"]
[Result "1-0"]
[WhiteElo "1876"]
[BlackElo "1652"]
[PlyCount "66"]
[EventDate "2014.09.27"]
[EventType "swiss"]
[EventRounds "7"]
[EventCountry "ESP"]
[Source "lmi"]
[SourceDate "2014.09.27"]

1. d4 e6 2. c4 Nf6 3. Nc3 d5 4. cxd5 exd5 5. Bg5 Be7 6. e3 O-O 7. Bd3 Be6 8.
Nge2 Nbd7 9. O-O c6 10. Bh4 Bg4 11. f3 Bh5 12. Nf4 Bg6 13. Nxg6 hxg6 14. Bf2
Bd6 15. e4 dxe4 16. fxe4 Bc7 17. e5 Nd5 18. Nxd5 cxd5 19. Qg4 Re8 20. Bb5 Re7
21. Bh4 Nf6 22. Qf3 Bxe5 23. dxe5 Qb6+ 24. Bf2 Qxb5 25. exf6 gxf6 26. Qxf6 Re6
27. Qh4 Re4 28. Qf6 Re6 29. Qc3 Qd7 30. Bd4 Rc8 31. Qh3 Kf8 32. Qh8+ Ke7 33.
Qg7 Rf8 1-0